| 000 | 00385nam a22001577a 4500 | ||
|---|---|---|---|
| 003 | OSt | ||
| 005 | 20150722124254.0 | ||
| 008 | 150722s1973 sp ||||| |||| 00| 0 spa d | ||
| 020 | _a8420614807 | ||
| 040 |
_bcat _cCPC Girona |
||
| 100 | 1 |
_925 _aBeneyto, Juan |
|
| 245 | _aConocimiento de la información | ||
| 260 |
_aMadrid _bAlianza _c1973 |
||
| 300 |
_a264p. _c18cm. |
||
| 942 |
_2udc _cMON |
||
| 999 |
_c6879 _d6879 |
||